| 000 | 01719cam a2200421 a 4500 | ||
|---|---|---|---|
| 999 |
_c41401 _d41401 |
||
| 001 | 15449803 | ||
| 003 | OSt | ||
| 005 | 20220103143306.0 | ||
| 008 | 080915s2009 miua j b 001 0 eng | ||
| 010 | _a 2008039974 | ||
| 020 | _a9781590189887 (hardcover) | ||
| 020 | _a1590189884 (hardcover) | ||
| 035 | _a(OCoLC)ocn253841254 | ||
| 040 |
_aDLC _cDLC _dIG# _dDLC |
||
| 042 | _alcac | ||
| 050 | 0 | 0 |
_aHV8077 _b.K55 2009 |
| 082 | 0 | 0 |
_a363.2562 _222 _bKLI/B |
| 100 | 1 |
_aKling, Andrew A., _d1961- _98964 |
|
| 245 | 1 | 0 |
_aBallistics / _cby Andrew A. Kling. |
| 260 |
_aFarmington Hills, MI : _bLucent Books, _cc2009. |
||
| 300 |
_a120 p. : _bill. (chiefly col.) ; _c24 cm. |
||
| 440 | 0 | _aCrime scene investigations | |
| 504 | _aIncludes bibliographical references (p. 112-113) and index. | ||
| 505 | 0 | _aThe "D.C. snipers" -- Firearms and bullets -- Evidence left behind -- The flight of a bullet -- After the impact -- Taking it to court. | |
| 520 | _aExamines the use of ballistics in forensic science. | ||
| 650 | 0 |
_aForensic ballistics _vJuvenile literature. |
|
| 650 | 0 |
_aBallistics _vJuvenile literature. |
|
| 650 | 0 |
_aForensic sciences _vJuvenile literature. |
|
| 650 | 0 |
_aCriminal investigation _vJuvenile literature. |
|
| 650 | 1 | _aForensic ballistics. | |
| 650 | 1 | _aBallistics. | |
| 650 | 1 | _aForensic sciences. | |
| 650 | 1 | _aCriminal investigation. | |
| 856 | 4 | 1 |
_3Table of contents only _uhttp://www.loc.gov/catdir/toc/ecip0828/2008039974.html |
| 906 |
_a7 _bcbc _corignew _d1 _eecip _f20 _gy-gencatlg |
||
| 942 |
_2ddc _cBK _h363.2562 _iKLI/B _k363.2562 _mKLI/B |
||